[Event "East Lansing (MI Op/7/14)"]
[Site "?"]
[Date "1985.??.??"]
[Round "?"]
[White "Haakonstad, Olaf"]
[Black "Baze, Lineas"]
[Result "1/2-1/2"]
[WhiteElo "1755"]
[BlackElo "2060"]
[PlyCount "110"]
[EventDate "1985.??.??"]

{7/(14)} 1. e4 c5 2. Nc3 Nc6 3. g3 g6 4. Bg2 Bg7 5. Nge2 e6 6. O-O Nge7 7. d3
d5 8. exd5 exd5 9. Bf4 a6 10. Qd2 O-O 11. Bh6 Be6 12. Bxg7 Kxg7 13. Nf4 Qd7 14.
Rfe1 Rad8 15. Nxe6+ fxe6 16. Re2 Nd4 17. Re3 Nef5 18. Re5 Nc6 19. Re2 b5 20. f4
b4 21. Nd1 Ncd4 22. Rf2 Qd6 23. c3 Nc6 24. Re2 e5 25. fxe5 Nxe5 26. Ne3 Nxe3
27. Qxe3 Ng4 28. Qg5 Nf6 29. Rae1 h6 30. Re7+ Rf7 31. Rxf7+ Kxf7 32. Qxh6 bxc3
33. bxc3 Rb8 34. Bh3 Re8 35. Rxe8 Nxe8 36. Qf4+ Qxf4 37. gxf4 Kf6 38. Kf2 Nd6
39. Ke3 Nb5 40. Kd2 Ke7 41. Bg4 Nd6 42. h4 Kf6 43. Bd7 a5 44. Ke3 Ke7 45. Bg4
Nb5 46. Kd2 Kf6 47. a4 Nd6 48. Ke3 Ke7 49. h5 gxh5 50. Bxh5 Nf5+ 51. Kf3 d4 52.
c4 Kd6 53. Bg4 Ne3 54. Bc8 Nd1 55. f5 Ke5 1/2-1/2

[Event "Westland (MEX/3)"]
[Site "?"]
[Date "1985.??.??"]
[Round "?"]
[White "Groisser, D.."]
[Black "Quigley, L.."]
[Result "0-1"]
[WhiteElo "2055"]
[BlackElo "2255"]
[PlyCount "112"]
[EventDate "1985.??.??"]

1. e4 c5 2. Nf3 e6 3. d3 Nc6 4. g3 g6 5. Bg2 Bg7 6. c3 d5 7. O-O Nge7 8. Nbd2
O-O 9. Re1 Qc7 10. Qe2 b6 11. Nf1 Ba6 12. e5 d4 13. c4 b5 14. b3 bxc4 15. bxc4
Rab8 16. Bf4 Rb6 17. Rab1 Rfb8 18. Rxb6 Rxb6 19. Qd2 Qb8 20. Re2 Rb1 21. g4 Qb4
22. h3 Qc3 23. Qc2 Qxc2 24. Rxc2 Nb4 25. Rd2 Ra1 26. Kh2 Rxa2 27. Rxa2 Nxa2 28.
N1d2 Nb4 29. Bf1 Bb7 30. Kg3 Nec6 31. Ne4 g5 32. Nfxg5 Nxe5 33. Nxc5 Bc6 34.
Bd2 a5 35. f4 Nd7 36. Nb3 a4 37. Na5 Nc2 38. Nxc6 a3 39. Bc1 a2 40. Bb2 Nc5 41.
Nf3 Na4 42. Ba1 Nxa1 43. Nb4 Nc3 44. Ne1 Nb3 45. Nxa2 Nxa2 46. h4 Bf8 47. Nf3
f6 48. Be2 Nc3 49. Bf1 Bd6 50. g5 f5 51. h5 Na4 52. Be2 Nc3 53. Bf1 Nd1 54. Ne5
Ne3 55. Bh3 Bxe5 56. fxe5 Nc5 0-1

[Event "Westland (SEMO/4/14)"]
[Site "?"]
[Date "1985.??.??"]
[Round "?"]
[White "Groisser, D.."]
[Black "Harrold, Alvin"]
[Result "1-0"]
[WhiteElo "2055"]
[BlackElo "1820"]
[PlyCount "109"]
[EventDate "1985.??.??"]

{4/(14)} 1. e4 e6 2. d4 d5 3. Nd2 c5 4. Ngf3 Nc6 5. exd5 exd5 6. dxc5 Bxc5 7.
Nb3 Bb6 8. Be2 Nf6 9. Bg5 Be6 10. c3 h6 11. Bh4 Qd7 12. Bxf6 gxf6 13. Qd2 O-O-O
14. Nfd4 Rdg8 15. g3 Re8 16. O-O-O a6 17. Nxc6 Qxc6 18. Nd4 Qa4 19. Kb1 h5 20.
Bf3 h4 21. Qf4 Qd7 22. Qxf6 Bd8 23. Qf4 Bc7 24. Qd2 Bf5+ 25. Ka1 Be4 26. Rhe1
hxg3 27. hxg3 Rh2 28. Qe3 f5 29. Rh1 Bc2 30. Qd2 Bxd1 31. Rxh2 Bxf3 32. Nxf3
Qb5 33. a3 Re2 34. Qc1 Qd3 35. Nd4 Rd2 36. Ka2 Be5 37. Qb1 Bxd4 38. Qxd3 Rxd3
39. cxd4 Rxd4 40. Rh5 Rd2 41. Rxf5 Kd7 42. Kb3 Ke6 43. Rf8 d4 44. g4 b5 45. g5
Ke7 46. Rf5 Ke6 47. Rf3 a5 48. g6 a4+ 49. Ka2 Rd1 50. Rg3 Rc1 51. g7 Rc8 52.
g8=Q+ Rxg8 53. Rxg8 Ke5 54. Rd8 Ke4 55. f4 1-0

[Event "Westland (SEMO/2/14)"]
[Site "?"]
[Date "1985.??.??"]
[Round "?"]
[White "Groisser, D.."]
[Black "Gaba, H.."]
[Result "1-0"]
[WhiteElo "2055"]
[BlackElo "1825"]
[PlyCount "65"]
[EventDate "1985.??.??"]

{2/(14)} 1. e4 e5 2. Nf3 Nc6 3. d4 exd4 4. Bc4 h6 5. O-O d6 6. Nxd4 Ne5 7. Bb3
c5 8. Ba4+ Bd7 9. Bxd7+ Qxd7 10. Nf5 g6 11. Ne3 O-O-O 12. Nc3 Nf6 13. b3 Bg7
14. Bb2 Nc6 15. Rb1 Nd4 16. Ne2 Nxe4 17. Nxd4 f5 18. Ne2 Bxb2 19. Rxb2 Qg7 20.
Rb1 Rhf8 21. f3 Ng5 22. Nf4 Rfe8 23. Ned5 Ne6 24. Qd2 Nxf4 25. Nxf4 g5 26. Nd5
Re5 27. c4 Rde8 28. Rbe1 Rxe1 29. Rxe1 Qd4+ 30. Qxd4 Rxe1+ 31. Kf2 Rf1+ 32.
Kxf1 cxd4 33. Ne7+ 1-0

[Event "Westland (MEX/2)"]
[Site "?"]
[Date "1985.??.??"]
[Round "?"]
[White "Groisser, D.."]
[Black "Baudry, Pascal"]
[Result "1/2-1/2"]
[WhiteElo "2055"]
[BlackElo "2030"]
[PlyCount "51"]
[EventDate "1985.??.??"]

1. e4 e5 2. Nf3 Nc6 3. d4 exd4 4. Bc4 Nf6 5. O-O Nxe4 6. Re1 d5 7. Nc3 dxc4 8.
Rxe4+ Be6 9. Nxd4 Nxd4 10. Rxd4 Bd6 11. Ne4 O-O 12. Bg5 f6 13. Bh4 Qe7 14. Nxd6
cxd6 15. Rxd6 Rfd8 16. Bg3 Rd7 17. Rxd7 Qxd7 18. Qxd7 Bxd7 19. Rd1 Be6 20. a3
Bf5 21. Rd2 c3 22. bxc3 Rc8 23. Bd6 Rxc3 24. Bb4 Rc6 25. f3 b6 26. Rd5 1/2-1/2

[Event "East Lansing (MI Op/5/9)"]
[Site "?"]
[Date "1985.??.??"]
[Round "?"]
[White "Groeller, W.."]
[Black "Thomas, C.."]
[Result "0-1"]
[WhiteElo "2135"]
[BlackElo "2045"]
[PlyCount "108"]
[EventDate "1985.??.??"]

{5/(9)} 1. e4 e6 2. d4 d5 3. Nd2 c5 4. exd5 exd5 5. Ngf3 Nf6 6. Bb5+ Bd7 7.
Bxd7+ Nbxd7 8. dxc5 Bxc5 9. O-O O-O 10. Nb3 Bb6 11. Bg5 Rc8 12. c3 Re8 13. Nbd4
Bxd4 14. Nxd4 Nc5 15. Qf3 Nce4 16. Bxf6 Nxf6 17. Rfe1 Qb6 18. Rxe8+ Rxe8 19.
Nb3 a5 20. Rb1 a4 21. Nd2 d4 22. cxd4 Qxd4 23. Qc3 Qxc3 24. bxc3 Re2 25. Rxb7
g6 26. Rb8+ Kg7 27. Rd8 Ne4 28. Nf1 Nxc3 29. Rd3 Rc2 30. g3 Ne2+ 31. Kg2 Nc1
32. Rd1 Nxa2 33. Ne3 Rb2 34. Rd3 Rb3 35. Rxb3 axb3 36. Nc4 Kf6 37. Kf3 Nc3 38.
Nb2 Ke5 39. Ke3 Kd5 40. Kd3 Nb5 41. h4 Kc5 42. g4 Kb4 43. h5 Nd6 44. Kd4 Ka3
45. Nd3 b2 46. Nxb2 Kxb2 47. Kd5 Ne8 48. Kc6 Kc2 49. Kd7 Ng7 50. Ke7 Nxh5 51.
Kxf7 Nf4 52. Kf6 Kd3 53. Kg5 Ne6+ 54. Kf6 Ke4 0-1

[Event "East Detroit (MCO/3/14)"]
[Site "?"]
[Date "1985.??.??"]
[Round "?"]
[White "Groeller, W.."]
[Black "Proszkow, T.."]
[Result "1/2-1/2"]
[WhiteElo "2165"]
[BlackElo "1760"]
[PlyCount "44"]
[EventDate "1985.??.??"]

{3/(14)} 1. e4 d6 2. d4 e6 3. c4 Nd7 4. Nc3 h6 5. Be2 Ne7 6. Nf3 Ng6 7. O-O Be7
8. Qc2 O-O 9. Be3 c6 10. Rfd1 Qa5 11. a3 Qc7 12. b4 b6 13. Bd3 e5 14. Bf1 exd4
15. Bxd4 Nde5 16. Nxe5 dxe5 17. Be3 Be6 18. Rd2 Rad8 19. Rad1 Rxd2 20. Rxd2 Rd8
21. Rxd8+ Qxd8 22. Qa4 Qc7 1/2-1/2

[Event "East Detroit (MCO/4/8)"]
[Site "?"]
[Date "1985.??.??"]
[Round "?"]
[White "Groeller, W.."]
[Black "Mitchell, S.."]
[Result "0-1"]
[WhiteElo "2165"]
[BlackElo "1960"]
[PlyCount "48"]
[EventDate "1985.??.??"]

{4/(8)} 1. e4 e6 2. d4 a6 3. c4 b5 4. cxb5 axb5 5. Bxb5 Bb7 6. Nc3 Bb4 7. Qe2
Qh4 8. Bd3 f5 9. Nf3 Qg4 10. h3 Qxg2 11. Rg1 Qxh3 12. Rg3 Qh1+ 13. Kd2 c5 14.
dxc5 Na6 15. c6 Bxc6 16. Bxa6 Nf6 17. Kc2 Bxc3 18. bxc3 O-O 19. Bb2 Ba4+ 20.
Kd2 Nxe4+ 21. Qxe4 fxe4 22. Rxh1 Rxa6 23. Ng5 Rxf2+ 24. Kc1 Rc2+ 0-1

[Event "East Detroit (MCO/6/16)"]
[Site "?"]
[Date "1985.??.??"]
[Round "?"]
[White "Groeller, W.."]
[Black "Mason, A.."]
[Result "1/2-1/2"]
[WhiteElo "2165"]
[BlackElo "1780"]
[PlyCount "62"]
[EventDate "1985.??.??"]

{6/(16)} 1. d4 Nf6 2. c4 e6 3. Nc3 Bb4 4. Bg5 d5 5. e3 Nbd7 6. cxd5 exd5 7. Bd3
O-O 8. Nge2 c6 9. O-O h6 10. Bh4 Re8 11. a3 Be7 12. b4 Nb6 13. b5 cxb5 14. Nxb5
a6 15. Nbc3 Nc4 16. Bxc4 dxc4 17. f3 Nd5 18. Bxe7 Rxe7 19. Nxd5 Qxd5 20. e4 Qa5
21. Qc2 Rc7 22. Nc3 b5 23. Rfd1 Rd7 24. Qd2 Bb7 25. d5 Qb6+ 26. Qd4 Qxd4+ 27.
Rxd4 Rc8 28. Rb1 Ba8 29. Kf2 Kf8 30. Ke3 Ke7 31. e5 Rc5 1/2-1/2

[Event "East Lansing (MI Op/3/14)"]
[Site "?"]
[Date "1985.??.??"]
[Round "?"]
[White "Groeller, W.."]
[Black "Johnson, Ri"]
[Result "1/2-1/2"]
[WhiteElo "2135"]
[BlackElo "1925"]
[PlyCount "98"]
[EventDate "1985.??.??"]

{3/(14)} 1. d4 Nf6 2. c4 e6 3. Nc3 Bb4 4. e3 b6 5. Nf3 Bb7 6. Bd3 O-O 7. O-O
Bxc3 8. bxc3 Ne4 9. Qc2 f5 10. Rd1 d6 11. Nd2 Qh4 12. Nxe4 fxe4 13. Bf1 Nd7 14.
g3 Qg4 15. Bg2 Rf5 16. h3 Qg6 17. Bxe4 Bxe4 18. Qxe4 Raf8 19. Rd2 Rxf2 20. Qxg6
Rf1+ 21. Kg2 hxg6 22. Bb2 R1f3 23. Re1 R8f6 24. e4 e5 25. Ree2 Kf7 26. Rf2
Rxf2+ 27. Rxf2 Nb8 28. d5 Nd7 29. Ba3 Rxf2+ 30. Kxf2 Ke8 31. Kf3 Kd8 32. h4 Kc8
33. Ke3 Nf6 34. Kf3 Kb7 35. Bb4 a5 36. Ba3 Ka6 37. Bc1 Nh7 38. a4 Kb7 39. Kg4
Nf6+ 40. Kf3 Nd7 41. Ba3 Kc8 42. Kg4 Nf6+ 43. Kf3 Kd8 44. Bc1 Ke8 45. Be3 Nd7
46. Bf2 g5 47. hxg5 g6 48. Ke2 Nf8 49. Kd3 Kd7 1/2-1/2

[Event "East Detroit (MCO/1/9)"]
[Site "?"]
[Date "1985.??.??"]
[Round "?"]
[White "Groeller, W.."]
[Black "Golonka, Stan"]
[Result "1-0"]
[WhiteElo "2165"]
[BlackElo "1650"]
[PlyCount "85"]
[EventDate "1985.??.??"]

{1/(9)} 1. e4 c5 2. Nf3 Nc6 3. d4 cxd4 4. Nxd4 Nf6 5. Nc3 a6 6. Bc4 d6 7. Be3
g6 8. Nxc6 bxc6 9. e5 Ng4 10. exd6 Nxe3 11. fxe3 exd6 12. O-O d5 13. Qd4 Rg8
14. Nxd5 cxd5 15. Bxd5 Be6 16. Bc6+ Bd7 17. Qe4+ Be7 18. Bxa8 f5 19. Qd5 Rf8
20. Rad1 Qc7 21. Rd3 Bb5 22. Rc3 Qd8 23. Bc6+ Bxc6 24. Qxc6+ Qd7 25. Qxd7+ Kxd7
26. Rd1+ Ke6 27. Rc6+ Kf7 28. Rxa6 Bc5 29. Rd7+ Kg8 30. Kf1 Bxe3 31. Rc6 Bf4
32. g3 Bb8 33. Rb6 f4 34. g4 Be5 35. Rbb7 f3 36. Rxh7 Rf4 37. Rhe7 Rf8 38. Rxe5
f2 39. Ree7 Rd8 40. Rg7+ Kh8 41. Rh7+ Kg8 42. Rbg7+ Kf8 43. Rh8+ 1-0

[Event "East Lansing (MI Op/1a/4)"]
[Site "?"]
[Date "1985.??.??"]
[Round "?"]
[White "Groeller, W.."]
[Black "Brattin, Vincent"]
[Result "1/2-1/2"]
[WhiteElo "2135"]
[BlackElo "1890"]
[PlyCount "107"]
[EventDate "1985.??.??"]

1. d4 c6 2. c4 d5 3. Nf3 g6 4. Nc3 Nf6 5. cxd5 cxd5 6. Bf4 Nc6 7. e3 a6 8. Ne5
Nh5 9. Nxc6 bxc6 10. Bg5 Qb6 11. Qd2 Rb8 12. Na4 Qb4 13. Qxb4 Rxb4 14. b3 h6
15. Bh4 g5 16. Be2 Nf6 17. Bg3 Ne4 18. Be5 f6 19. Bc7 Rb7 20. Ba5 e5 21. f3 Nd6
22. Rc1 exd4 23. exd4 Nf5 24. Rxc6 Bd7 25. Rb6 Rxb6 26. Nxb6 Nxd4 27. Nxd5 Nxe2
28. Nxf6+ Ke7 29. Nxd7 Kxd7 30. Kxe2 Bc5 31. Rc1 Re8+ 32. Kd3 Re3+ 33. Kc4 Bd6
34. Rd1 Kc6 35. h3 Re5 36. Bc3 Rc5+ 37. Kd3 Bf4 38. Bd4 Rd5 39. Ke4 Ra5 40. a4
Rd5 41. Rd3 Rd8 42. Rc3+ Kb7 43. Rc5 Bg3 44. Rf5 Re8+ 45. Kd3 Rd8 46. b4 Bf2
47. Rf7+ Kc8 48. Rf6 Bxd4 49. Rxa6 Bb6+ 50. Ke4 Kb7 51. b5 Rd2 52. a5 Bc7 53.
Rxh6 Bxa5 54. h4 1/2-1/2

[Event "Westland (SEMO Res/1a/19)"]
[Site "?"]
[Date "1985.??.??"]
[Round "?"]
[White "Griffin, John"]
[Black "Walters, G.."]
[Result "0-1"]
[WhiteElo "1605"]
[BlackElo "1605"]
[PlyCount "110"]
[EventDate "1985.??.??"]

1. d4 Nf6 2. c4 e6 3. Nf3 c6 4. g3 Bb4+ 5. Bd2 Qa5 6. a3 Bxd2+ 7. Qxd2 Qxd2+ 8.
Nfxd2 d5 9. Bg2 O-O 10. b4 Nbd7 11. Nc3 Nb6 12. c5 Nbd7 13. O-O e5 14. e3 e4
15. f3 exf3 16. Bxf3 Re8 17. e4 dxe4 18. Ndxe4 Nxe4 19. Rae1 f5 20. Nxe4 fxe4
21. Bxe4 Nf6 22. Bg2 Bg4 23. Re5 Rad8 24. h3 Bh5 25. Rfe1 Kf7 26. b5 Rxd4 27.
bxc6 bxc6 28. Bxc6 Rxe5 29. Rxe5 Bg6 30. Bb5 Rd1+ 31. Kf2 Nd7 32. Bc4+ Kf8 33.
Rd5 Rxd5 34. Bxd5 Nxc5 35. Ke3 Ke7 36. Kd4 Kd6 37. Bf3 Ne6+ 38. Kc4 Ng5 39. Bg2
Kc7 40. a4 Kb6 41. h4 Ne4 42. g4 a5 43. h5 Bf7+ 44. Kd4 Nc5 45. Bf1 Nxa4 46.
Bd3 h6 47. Bc2 Nc5 48. Ke5 a4 49. Kd6 a3 50. Bb1 Bc4 51. Ke7 Na4 52. Kf8 Nc3
53. Ba2 Bxa2 54. Kxg7 Be6 55. Kxh6 Bxg4 0-1

[Event "East Detroit (MCO/2/50)"]
[Site "?"]
[Date "1985.??.??"]
[Round "?"]
[White "Griffin, John"]
[Black "Turner, De"]
[Result "1-0"]
[WhiteElo "1605"]
[BlackElo "1605"]
[PlyCount "53"]
[EventDate "1985.??.??"]

{2/(50)} 1. d4 d5 2. Nf3 Bf5 3. c4 dxc4 4. Nc3 e6 5. e4 Bg4 6. Qa4+ c6 7. Qxc4
Bxf3 8. gxf3 b5 9. Qd3 f6 10. Be3 Bb4 11. a3 Bxc3+ 12. Qxc3 e5 13. Rd1 Nd7 14.
Rg1 g6 15. Bh3 Nb6 16. dxe5 Qc7 17. Bxb6 axb6 18. Rd7 Qxe5 19. Qxe5+ fxe5 20.
Rg5 Nf6 21. Rxe5+ Kf8 22. Rb7 Ra6 23. Ree7 Ng8 24. Rec7 Ra8 25. Bd7 Rd8 26.
Bxc6 h5 27. Rf7# 1-0

[Event "East Detroit (MCO/6/43)"]
[Site "?"]
[Date "1985.??.??"]
[Round "?"]
[White "Griffin, John"]
[Black "Lynch, W.."]
[Result "0-1"]
[WhiteElo "1605"]
[BlackElo "1605"]
[PlyCount "156"]
[EventDate "1985.??.??"]

{6/(43)} 1. d4 d5 2. c4 e6 3. g3 Nf6 4. Nf3 c6 5. Qc2 Bd6 6. Bg2 Nbd7 7. b3 O-O
8. O-O Be7 9. Nc3 Bb4 10. Bb2 Re8 11. a3 Bxc3 12. Qxc3 Ne4 13. Qc2 Rb8 14. Nd2
Nxd2 15. Qxd2 Nf6 16. cxd5 exd5 17. e3 Bf5 18. Rfc1 Qd7 19. Qe1 Be4 20. Qf1
Bxg2 21. Kxg2 Ng4 22. Re1 Nf6 23. Qd3 Re6 24. Re2 Rbe8 25. Rae1 h5 26. f3 h4
27. Bc1 hxg3 28. hxg3 Ne4 29. Rh1 Rg6 30. g4 Rxg4+ 31. fxg4 Qxg4+ 32. Kf1 Ng3+
33. Ke1 Nxh1 34. Kd2 Qf3 35. Rh2 g6 36. Qe2 Qxe2+ 37. Kxe2 Ng3+ 38. Kd3 Ne4 39.
a4 b5 40. axb5 cxb5 41. Ra2 Ra8 42. Ra6 Kg7 43. Ba3 g5 44. Bd6 f6 45. Bc7 Kg6
46. Bb6 g4 47. Bc7 Kg5 48. Bf4+ Kf5 49. Bh2 g3 50. Bxg3 Nxg3 51. Rd6 a6 52.
Rxd5+ Ke6 53. Rc5 b4 54. e4 a5 55. Rc6+ Ke7 56. d5 a4 57. bxa4 Rxa4 58. Kc4 Ne2
59. Re6+ Kf7 60. Rb6 Nc3 61. Rb7+ Kg6 62. Re7 Nxe4 63. Rd7 f5 64. Rd8 Kg5 65.
d6 Nxd6+ 66. Rxd6 Kg4 67. Kb3 Ra8 68. Rd4+ Kg3 69. Rd3+ Kg4 70. Rd4+ f4 71.
Rxb4 Rc8 72. Rd4 Kg3 73. Rd7 f3 74. Rg7+ Kf2 75. Rf7 Re8 76. Rh7 Ke2 77. Kb2 f2
78. Kc2 Ke1 0-1

[Event "East Detroit (MCO/4/41)"]
[Site "?"]
[Date "1985.??.??"]
[Round "?"]
[White "Griffin, John"]
[Black "Koscierzynski, J.."]
[Result "0-1"]
[WhiteElo "1605"]
[BlackElo "1605"]
[PlyCount "130"]
[EventDate "1985.??.??"]

{4/(41)} 1. d4 d5 2. Nf3 Nc6 3. c4 dxc4 4. e4 Qd6 5. Nc3 Na5 6. Qa4+ Nc6 7. g3
Bd7 8. Qxc4 Na5 9. Bf4 Nxc4 10. Bxd6 Nxd6 11. Bg2 f6 12. O-O c6 13. e5 Nf5 14.
d5 e6 15. dxe6 Bxe6 16. Rfd1 Be7 17. b3 Ngh6 18. Re1 Kf7 19. Ne4 Ng4 20. exf6
gxf6 21. h3 Ne5 22. Nxe5+ fxe5 23. h4 h6 24. Rac1 Bb4 25. Re2 Nd4 26. Re3 Bd5
27. Rf1 Nf5 28. Re2 Rae8 29. Kh2 Rhg8 30. Rd1 Nd4 31. Re3 Be6 32. Nd2 Bf5 33.
Nf3 Nxf3+ 34. Rxf3 Ke6 35. Re3 Bc5 36. Re2 Bd6 37. Bh3 Bxh3 38. Kxh3 Kd7 39.
Rd3 Kc7 40. Re4 Ref8 41. b4 Rxf2 42. a3 h5 43. g4 hxg4+ 44. Kg3 Rf4 45. Rde3
Rxe4 46. Rxe4 Kd7 47. h5 Rh8 48. Kxg4 Ke6 49. Re3 Bf8 50. Rd3 Bh6 51. Rd1 Rf8
52. Kg3 Rf4 53. Rd8 Kf5 54. Rd7 Rg4+ 55. Kf3 e4+ 56. Kf2 e3+ 57. Kf1 Rf4+ 58.
Ke1 Kg5 59. Rxb7 Kxh5 60. Rxa7 Rc4 61. Rb7 Kg4 62. Re7 Kf3 63. Rf7+ Bf4 64. Kd1
e2+ 65. Ke1 Rc1# 0-1

[Event "Westland (SEMO Res/5/32)"]
[Site "?"]
[Date "1985.??.??"]
[Round "?"]
[White "Griffin, John"]
[Black "Hargett, D.."]
[Result "0-1"]
[WhiteElo "1605"]
[BlackElo "1605"]
[PlyCount "114"]
[EventDate "1985.??.??"]

{5/(32)} 1. d4 Nf6 2. c4 e6 3. Nf3 c5 4. d5 exd5 5. cxd5 b5 6. Bg5 Qa5+ 7. Qd2
Qxd2+ 8. Nbxd2 Nxd5 9. Rc1 c4 10. e4 Nb6 11. Be2 Bb7 12. O-O Be7 13. Bxe7 Kxe7
14. Nd4 a6 15. Nf5+ Kd8 16. Nd6 Kc7 17. Nxb7 Kxb7 18. Bf3 Nc6 19. b3 Nd4 20.
Bd1 cxb3 21. Nxb3 Nxb3 22. axb3 Rac8 23. Be2 Rxc1 24. Rxc1 Rc8 25. Rxc8 Kxc8
26. Kf1 Kc7 27. Ke1 Kd6 28. f4 Kc5 29. Kd2 Kb4 30. Kc2 a5 31. Kb2 a4 32. bxa4
bxa4 33. g4 a3+ 34. Ka2 Na4 35. Bf3 Nc3+ 36. Ka1 a2 37. Kb2 Kc5 38. e5 d6 39.
exd6 Kxd6 40. Bb7 Kc5 41. Bc8 Kd4 42. Bf5 h6 43. Bh7 Ke3 44. f5 f6 45. Bg8 Kf4
46. h3 Kg3 47. Bf7 Kxh3 48. Bh5 Kh4 49. Ka1 Kg5 50. Kb2 Nd5 51. Bf7 Ne3 52.
Bxa2 Kxg4 53. Be6 Nxf5 54. Kc1 Kf4 55. Kd2 h5 56. Ke1 g5 57. Kf2 g4 0-1

[Event "Westland (SEMO Res/3/38)"]
[Site "?"]
[Date "1985.??.??"]
[Round "?"]
[White "Griffin, John"]
[Black "Fulton, G.."]
[Result "0-1"]
[WhiteElo "1605"]
[BlackElo "1605"]
[PlyCount "128"]
[EventDate "1985.??.??"]

{3/(38)} 1. d4 d6 2. c4 e6 3. Nf3 d5 4. g3 Nf6 5. Bg2 Nc6 6. O-O dxc4 7. e3 Bd6
8. Qa4 Bd7 9. Qxc4 Nb4 10. a3 Nbd5 11. Nc3 a6 12. Nxd5 Nxd5 13. Qc2 Qe7 14. Nd2
c5 15. Ne4 cxd4 16. Nxd6+ Qxd6 17. exd4 Bc6 18. Be3 Nxe3 19. Bxc6+ Qxc6 20.
Qxc6+ bxc6 21. fxe3 O-O 22. Rac1 Rfc8 23. Rc5 a5 24. Rfc1 Ra6 25. Kg2 h6 26.
Kf3 f5 27. Re5 Kf7 28. Rec5 Kf6 29. R1c4 a4 30. Rb4 g5 31. Rc3 Rd8 32. h3 h5
33. Rcc4 Rda8 34. Rb7 R8a7 35. Rcb4 Rxb7 36. Rxb7 e5 37. Ke2 exd4 38. exd4 Ra5
39. Rb6 Ke6 40. Kd3 h4 41. Rxc6+ Kd5 42. Rg6 Rb5 43. Rxg5 Rb3+ 44. Kc2 Rxg3 45.
Rxf5+ Kc4 46. Rf4 Rxh3 47. d5+ Kxd5 48. Rxa4 Rh2+ 49. Kd3 h3 50. Ra5+ Kd6 51.
Rh5 Rh1 52. Kc2 h2 53. Kd2 Ke6 54. Ke2 Rc1 55. Kd3 h1=Q 56. Rxh1 Rxh1 57. Kc4
Kd6 58. a4 Kc6 59. b4 Rh4+ 60. Kb3 Kb6 61. Kc3 Re4 62. Kb3 Kc6 63. Kc3 Kd5 64.
a5 Kc6 0-1

[Event "East Lansing (MI Op/1b/2)"]
[Site "?"]
[Date "1985.??.??"]
[Round "?"]
[White "Graves, J.."]
[Black "Thompson, Dexter"]
[Result "0-1"]
[WhiteElo "1925"]
[BlackElo "2260"]
[PlyCount "58"]
[EventDate "1985.??.??"]

1. e4 e5 2. Nf3 Nc6 3. Bb5 a6 4. Ba4 Nf6 5. O-O Be7 6. Re1 b5 7. Bb3 O-O 8. c3
d5 9. exd5 Nxd5 10. Nxe5 Nxe5 11. Rxe5 Nf6 12. d4 Bd6 13. Re1 Ng4 14. h3 Qh4
15. Qf3 Nxf2 16. Bd2 Bb7 17. Qxb7 Nd3 18. Rf1 Qg3 19. Rf3 Qh2+ 20. Kf1 Qh1+ 21.
Ke2 Nf4+ 22. Rxf4 Bxf4 23. Bxf4 Rae8+ 24. Be3 Qc1 25. Nd2 Qxa1 26. Qxc7 Qxb2
27. Kd3 Rc8 28. Qa5 Rfe8 29. Qb4 Rxc3+ 0-1

[Event "East Detroit (MCO/3/4)"]
[Site "?"]
[Date "1985.??.??"]
[Round "?"]
[White "Graves, J.."]
[Black "Stone, Ray"]
[Result "0-1"]
[WhiteElo "1985"]
[BlackElo "2455"]
[PlyCount "66"]
[EventDate "1985.??.??"]

{3/(4)} 1. e4 c5 2. Nf3 e6 3. d4 cxd4 4. Nxd4 Nf6 5. Nc3 d6 6. Bg5 Be7 7. Qd2
a6 8. a4 h6 9. Bh4 Qc7 10. Bg3 Nh5 11. Bd3 Nc6 12. Nde2 Bd7 13. Nd1 O-O 14. O-O
Ne5 15. f4 Nxg3 16. Nxg3 Nxd3 17. Qxd3 b5 18. b3 bxa4 19. bxa4 Rfc8 20. Ne3 a5
21. f5 Qc5 22. Kh1 Rab8 23. Nh5 Bg5 24. Nf4 Rb4 25. fxe6 fxe6 26. g3 Bc6 27. c4
Qe5 28. Neg2 Bxe4 29. Qa3 Rcxc4 30. Rae1 Rc2 31. Rxe4 Qxe4 32. Re1 Qc6 33. Nxe6
Qxg2# 0-1

[Event "East Lansing (MI Op/5/23)"]
[Site "?"]
[Date "1985.??.??"]
[Round "?"]
[White "Graves, J.."]
[Black "Proszkow, T.."]
[Result "1-0"]
[WhiteElo "1925"]
[BlackElo "1735"]
[PlyCount "41"]
[EventDate "1985.??.??"]

{5/(23)} 1. e4 c5 2. Nf3 d6 3. d4 cxd4 4. Nxd4 Nf6 5. Nc3 g6 6. f3 Bg7 7. Be3
Nbd7 8. Bc4 Ne5 9. Bb3 O-O 10. Qd2 Bd7 11. O-O-O a5 12. a4 Nc6 13. Ndb5 Nb4 14.
Bh6 Bc6 15. Bxg7 Kxg7 16. g4 Qb6 17. h4 Nd7 18. h5 Bxb5 19. hxg6 hxg6 20. Qh6+
Kf6 21. g5+ 1-0

[Event "East Detroit (MCO/5/9)"]
[Site "?"]
[Date "1985.??.??"]
[Round "?"]
[White "Graves, J.."]
[Black "Harris, T.."]
[Result "0-1"]
[WhiteElo "1985"]
[BlackElo "2070"]
[PlyCount "94"]
[EventDate "1985.??.??"]

{5/(9)} 1. e4 c5 2. Nc3 Nc6 3. g3 g6 4. Bg2 Bg7 5. Nge2 d6 6. O-O e6 7. d3 Nge7
8. Be3 O-O 9. Qd2 Nd4 10. Nd1 b6 11. Nxd4 cxd4 12. Bh6 Bb7 13. Bxg7 Kxg7 14. f4
Qd7 15. g4 f5 16. h3 Kf7 17. Nf2 Nc6 18. c4 Rg8 19. Kh2 Qe7 20. exf5 gxf5 21.
gxf5 Rxg2+ 22. Kxg2 Ne5+ 23. Ne4 Rg8+ 24. Kf2 Qh4+ 25. Ke2 Rg2+ 26. Rf2 Rxf2+
27. Nxf2 Nf3 28. fxe6+ Kxe6 29. f5+ Kxf5 30. Qb4 Qe7+ 31. Ne4 Bxe4 32. dxe4+
Qxe4+ 33. Kf2 Qe3+ 34. Kf1 Qg1+ 35. Ke2 Qxa1 36. Kxf3 Qf1+ 37. Kg3 Qf4+ 38. Kg2
d3 39. Qb5+ Qe5 40. Qd7+ Kg6 41. Qg4+ Qg5 42. Kf2 Qxg4 43. hxg4 Kg5 44. Ke3
Kxg4 45. Kxd3 h5 46. a4 h4 47. a5 h3 0-1

[Event "East Detroit (MCO/1/23)"]
[Site "?"]
[Date "1985.??.??"]
[Round "?"]
[White "Graves, J.."]
[Black "Griffin, John"]
[Result "1-0"]
[WhiteElo "1985"]
[BlackElo "1605"]
[PlyCount "91"]
[EventDate "1985.??.??"]

{1/(23)} 1. c4 c5 2. Nf3 Nf6 3. Nc3 b6 4. g3 Bb7 5. Bg2 d5 6. cxd5 Nxd5 7. O-O
e6 8. Re1 Be7 9. e4 Nxc3 10. bxc3 O-O 11. d4 cxd4 12. cxd4 h6 13. Bb2 Bb4 14.
Re3 Nd7 15. a3 Be7 16. Nd2 Rc8 17. Rc1 Nf6 18. Rxc8 Qxc8 19. Rc3 Qd7 20. e5 Nd5
21. Rc1 Rc8 22. Ne4 f5 23. exf6 Nxf6 24. f3 Rxc1 25. Qxc1 Qc6 26. Qf4 Nxe4 27.
fxe4 Bg5 28. Qf2 Qa4 29. h4 Qd1+ 30. Kh2 Bc1 31. Bh3 Bc8 32. d5 Qd2 33. Qxd2
Bxd2 34. dxe6 Bxe6 35. Bxe6+ Kf8 36. Bc4 Be3 37. Be5 Bc5 38. a4 g6 39. Kg2 Ke7
40. Bf4 h5 41. Kf3 Kf6 42. e5+ Ke7 43. Ke4 Bf2 44. e6 a5 45. Bg5+ Kf8 46. e7+
1-0

[Event "East Lansing (MI Op/3/16)"]
[Site "?"]
[Date "1985.??.??"]
[Round "?"]
[White "Graves, J.."]
[Black "Everett, Morgan"]
[Result "1-0"]
[WhiteElo "1925"]
[BlackElo "2120"]
[PlyCount "58"]
[EventDate "1985.??.??"]

{3/(16)} 1. e4 e5 2. Nf3 Nc6 3. Bb5 a6 4. Ba4 Nf6 5. O-O Be7 6. Re1 b5 7. Bb3
O-O 8. c3 d5 9. exd5 Nxd5 10. Nxe5 Nxe5 11. Rxe5 Nf6 12. Re1 Bd6 13. d4 Ng4 14.
h3 Qh4 15. Qf3 h5 16. Bf4 Nxf2 17. Bxd6 Nxh3+ 18. Kf1 cxd6 19. Re4 Bg4 20. gxh3
Bxf3 21. Rxh4 g5 22. Nd2 gxh4 23. Nxf3 Rae8 24. Nxh4 Re4 25. Ng2 Rfe8 26. Bd1
R8e6 27. Bf3 Rf6 28. Kf2 Kg7 29. h4 Re7 1-0

[Event "East Detroit (MCO/3/24)"]
[Site "?"]
[Date "1985.??.??"]
[Round "?"]
[White "Gould, J.."]
[Black "Griffin, John"]
[Result "1-0"]
[WhiteElo "1910"]
[BlackElo "1605"]
[PlyCount "85"]
[EventDate "1985.??.??"]

{3/(24)} 1. e4 c5 2. Nf3 Nc6 3. c3 d5 4. Bb5 e6 5. exd5 Qxd5 6. O-O a6 7. Bxc6+
Qxc6 8. d4 Nf6 9. Re1 Be7 10. Bg5 O-O 11. Re5 Qc7 12. dxc5 Ng4 13. Bxe7 Qxe7
14. Rh5 Nf6 15. Rh4 e5 16. Ng5 Bf5 17. Nd2 Rad8 18. Qe2 Rfe8 19. g3 h6 20. Nge4
Rd5 21. Nd6 Bd3 22. Qf3 e4 23. Qe3 Rd8 24. c4 Re5 25. f4 Rh5 26. Rxh5 Nxh5 27.
N2xe4 Bxe4 28. Qxe4 Qxe4 29. Nxe4 Nf6 30. Nxf6+ gxf6 31. b3 Rd2 32. Re1 Kf8 33.
Ra1 Ke8 34. a3 Rd3 35. Rb1 Kd8 36. a4 Kc7 37. Kf2 Kc6 38. Ke2 Rd4 39. Ke3 Kxc5
40. b4+ Kxc4 41. Rc1+ Kd5 42. Rc5+ Kd6 43. Kxd4 1-0